LEADER 01099cam0 22003131 450 001 SOBE00050101 005 20151123160030.0 010 $a8804343524 100 $a20151119d1991 |||||ita|0103 ba 101 $aita$alat 102 $aIT 200 1 $aGermania$fTacito$ga cura di Elisabetta Risari 210 $aMilano$cMondadori$d1991 215 $aXXV, 89 p., [2] pagine di tav.$cill.$d20 cm 225 2 $aClassici greci e latini$v1 300 $aTesto latino a fronte 410 1$1001SOBE00038277$12001 $a*Classici greci e latini$v1 500 10$aDe origine et situ Germanorum$3SOBA00012018$924227 700 1$aTacitus$b, Publius Cornelius$3AF00004169$4070$05717 702 1$aRisari, Elisabetta$3SOBA00012028$4070 801 0$aIT$bUNISOB$c20151123$gRICA 850 $aUNISOB 852 $aUNISOB$j870$m67231 912 $aSOBE00050101 940 $aM 102 Monografia moderna SBN 941 $aM 957 $a870$b000626$gSI$d67231$rAcquisto$tN$1petrellap$2UNISOB$3UNISOB$420151119172245.0$520151119172403.0$6petrellap 996 $aDe origine et situ Germanorum$924227 997 $aUNISOB